000
00234nam a2200097Ia 4500
082
_a
J 355.ADAM
245
0
_a
Soldier
100
_a
Adams, Simon London, 2009
_9
84864
942
_c
BK
008
210817s9999 xx 000 0 und d
999
_c
313860
_d
313859